00791nam a2200181 a 4500003000200000005001700002008004100019050002800060100002600088245015400114260009200268300004800360504004100408650002100449650004500470650002500515650006900540020250526094820.0021127s19uu xx 00 eng d aPGS LC 268b.Al316 2001 aAl-nasser, Jehad Ali. aPerceptions of the grade six students of Southville International School on the weekly value theme, academic year 2000-2001 /cJehad Ali Al-nasser. aLas Piñas City, Philippines : bSouthville International School and Colleges,c2001. a24 pages :bcolored illustrations ;c28 cm. aIncludes bibliographical references. aMoral education. aValuesvStudy and teaching (Elementary). aStudentsvAttitudes. aSouthville International School (Las Piñas City, Philippines).